Städte Asiens - Bilderquiz - Statistiken

Allgemein
  • Dieses Quiz wurde 48 mal gespielt
  • Das Durchschnittsergebnis liegt bei 14 aus 24
Antwortstatistiken
Bildquiz Antwort % Korrekt
Peking
100%
Jerusalem
90%
Bangkok
85%
Kuala Lumpur
85%
Tokio
85%
Singapur
82%
Dubai
77%
Seoul
77%
Hong Kong
74%
Taipeh
74%
Teheran
72%
Mekka
67%
Delhi
59%
Pjöngjang
59%
Mumbai
51%
Nur-Sultan
51%
Rangun
51%
Baku
44%
Damaskus
38%
Kabul
38%
Ulanbataar
28%
Jerewan
23%
Maskat
21%
Isfahan
18%
Keine übereinstimmenden Quizze gefunden
Verteilung der Resultate
Anzahl Personen mit jedem Resultat
Perzentil nach korrekt beantworteten Fragen
Ihre Resultats-Entwicklung
Sie haben dieses Quiz noch nicht gespielt